[Event "VII Memorial Alvise Zichichi"]
[Site "Ladispoli ITA"]
[Date "2009.09.20"]
[Round "4"]
[White "Trebeschi, Andrea"]
[Black "Renzi, Marco"]
[Result "0-1"]
[WhiteElo "2042"]
[BlackElo "1994"]
[PlyCount "82"]
[EventDate "2009.09.19"]

1. e4 e5 2. Nf3 Nc6 3. Bb5 Bc5 4. O-O Nge7 5. c3 O-O 6. Nxe5 Nxe5 7. d4 Bd6 8.
dxe5 Bxe5 9. f4 c6 10. Bc4 Bc7 11. Bb3 d5 12. exd5 Nxd5 13. Bxd5 Qxd5 14. Qxd5
cxd5 15. Be3 Re8 16. Kf2 Bd7 17. Na3 Re7 18. Rae1 Rae8 19. g3 Bg4 20. Rh1 d4
21. cxd4 Ba5 22. Nc4 Bxe1+ 23. Rxe1 Rc8 24. b3 b5 25. Na3 a6 26. Rh1 Rc3 27.
Re1 Kf8 28. d5 Ke8 29. d6 Re4 30. Nb1 Rc2+ 31. Nd2 Rxa2 32. h3 Bxh3 33. g4
Rxd2+ 34. Bxd2 Rxe1 35. Bxe1 Bxg4 36. Ke3 Kd7 37. Bb4 Be6 38. Kd4 Bxb3 39. Kc5
Bc4 40. Kb6 h5 41. Kxa6 h4 0-1

[Event "VII Memorial Alvise Zichichi"]
[Site "Ladispoli ITA"]
[Date "2009.09.26"]
[Round "5"]
[White "Antonetti, Mattia"]
[Black "Rampini, Carlo"]
[Result "0-1"]
[WhiteElo "1592"]
[BlackElo "1820"]
[PlyCount "80"]
[EventDate "2009.09.19"]

1. Nf3 d5 2. b3 Nf6 3. Bb2 Bf5 4. d3 e6 5. Nbd2 Be7 6. g3 Nbd7 7. Bg2 O-O 8.
O-O c6 9. Re1 Bg6 10. e4 Rc8 11. e5 Ne8 12. a4 a5 13. Nd4 Qb6 14. h4 h6 15. h5
Bh7 16. Qe2 Nc7 17. Rad1 c5 18. N4f3 Na6 19. Bc1 Nb4 20. Nb1 Nc6 21. Bf4 Bf5
22. Nh2 Nd4 23. Qd2 Qd8 24. Na3 Bg5 25. g4 Bh7 26. Nf3 Nxf3+ 27. Bxf3 Nb8 28.
Nb5 Nc6 29. Bg2 Bxf4 30. Qxf4 Nd4 31. Nxd4 cxd4 32. Rd2 Qg5 33. Qxg5 hxg5 34.
Rb1 f6 35. exf6 Rxf6 36. Re2 Kf7 37. Re5 Rxc2 38. f3 Bxd3 39. b4 Rxg2+ 40. Kxg2
Bxb1 0-1

[Event "VII Memorial Alvise Zichichi"]
[Site "Ladispoli ITA"]
[Date "2009.09.26"]
[Round "5"]
[White "Carnicelli, Valerio"]
[Black "Trebeschi, Andrea"]
[Result "0-1"]
[WhiteElo "1751"]
[BlackElo "2042"]
[PlyCount "48"]
[EventDate "2009.09.19"]

1. e4 d6 2. d4 Nf6 3. Nc3 g6 4. f3 c6 5. Be3 b5 6. Qd2 Nbd7 7. O-O-O b4 8. Nce2
a5 9. g4 Nb6 10. Ng3 Qc7 11. g5 Nfd7 12. f4 Bg7 13. f5 Bb7 14. h4 Rc8 15. h5
Rg8 16. hxg6 hxg6 17. fxg6 fxg6 18. Bd3 c5 19. dxc5 Nxc5 20. Bb5+ Nbd7 21. Bxc5
Qxc5 22. Bxd7+ Kxd7 23. Nf3 a4 24. Qd3 Ba6 0-1

[Event "VII Memorial Alvise Zichichi"]
[Site "Ladispoli ITA"]
[Date "2009.09.26"]
[Round "5"]
[White "Cavaterra, Umberto"]
[Black "Messina, Roberta"]
[Result "0-1"]
[WhiteElo "1801"]
[BlackElo "1895"]
[PlyCount "70"]
[EventDate "2009.09.19"]

1. d4 Nf6 2. c4 e6 3. Nc3 Bb4 4. e3 O-O 5. a3 Bxc3+ 6. bxc3 c5 7. Bd3 Nc6 8.
Nf3 b6 9. O-O Bb7 10. Qc2 h6 11. e4 d5 12. dxc5 dxe4 13. Bxe4 Nxe4 14. Qxe4 Na5
15. Qg4 Qf6 16. cxb6 Bxf3 17. Qxf3 Qxf3 18. gxf3 axb6 19. c5 bxc5 20. Be3 Nb3
21. Ra2 Ra4 22. Rb1 c4 23. Bf4 Rd8 24. Kf1 Rd3 25. Ke2 Rxc3 26. Rg1 Nd4+ 27.
Kf1 Nxf3 28. Rg2 Nh4 29. Rxg7+ Kxg7 30. Be5+ Kg6 31. Bxc3 Nf5 32. f4 Ne3+ 33.
Ke1 Kf5 34. Bg7 h5 35. Ke2 Nd5 0-1

[Event "VII Memorial Alvise Zichichi"]
[Site "Ladispoli ITA"]
[Date "2009.09.26"]
[Round "5"]
[White "Elia, Alessio"]
[Black "Luzi, Alessandro"]
[Result "1/2-1/2"]
[WhiteElo "1850"]
[BlackElo "1917"]
[PlyCount "34"]
[EventDate "2009.09.19"]

1. d4 Nf6 2. Nf3 g6 3. Bg5 Bg7 4. c3 O-O 5. Nbd2 d5 6. e3 c6 7. Bd3 Nbd7 8. e4
dxe4 9. Nxe4 Nxe4 10. Bxe4 Nf6 11. Bc2 Bg4 12. O-O Qd5 13. Bxf6 Bxf3 14. Qxf3
Qxf3 15. gxf3 Bxf6 16. Rfe1 e6 17. Re2 Bg5 1/2-1/2

[Event "VII Memorial Alvise Zichichi"]
[Site "Ladispoli ITA"]
[Date "2009.09.26"]
[Round "5"]
[White "Fasulo, Marco"]
[Black "Placchetta, Omero"]
[Result "1-0"]
[WhiteElo "1616"]
[BlackElo "1719"]
[PlyCount "51"]
[EventDate "2009.09.19"]

1. e4 e5 2. f4 d5 3. Nc3 d4 4. Nce2 Bg4 5. Nf3 Bxf3 6. gxf3 exf4 7. h4 Be7 8.
Nxf4 Bxh4+ 9. Ke2 Bg5 10. d3 Bxf4 11. Bxf4 Qf6 12. Bxc7 Nc6 13. f4 Qe7 14. Be5
Nxe5 15. fxe5 Qxe5 16. Bh3 Ne7 17. Qg1 g6 18. Rf1 f5 19. Kd1 O-O-O 20. exf5
gxf5 21. Re1 Qf6 22. Qg3 Nd5 23. Rhf1 Ne3+ 24. Rxe3 Rdg8 25. Qh2 Rg5 26. Ref3
1-0

[Event "VII Memorial Alvise Zichichi"]
[Site "Ladispoli ITA"]
[Date "2009.09.26"]
[Round "5"]
[White "Gasperoni, Claudio"]
[Black "Attanasi, Salvatore"]
[Result "0-1"]
[WhiteElo "1770"]
[BlackElo "1822"]
[PlyCount "36"]
[EventDate "2009.09.19"]

1. d4 f5 2. g3 Nf6 3. Bg2 g6 4. Nc3 Bg7 5. Nh3 d6 6. d5 O-O 7. Nf4 Na6 8. h4
Nc5 9. h5 g5 10. h6 Bh8 11. Nh5 g4 12. Ng7 e5 13. dxe6 c6 14. Nxf5 Bxe6 15.
Qxd6 Bxf5 16. Qxc5 Bxc2 17. Qc4+ Rf7 18. Ne4 Qd1# 0-1

[Event "VII Memorial Alvise Zichichi"]
[Site "Ladispoli ITA"]
[Date "2009.09.26"]
[Round "5"]
[White "Golino, Giovanni"]
[Black "Bruno, Antonino"]
[Result "1/2-1/2"]
[WhiteElo "1898"]
[BlackElo "1509"]
[PlyCount "61"]
[EventDate "2009.09.19"]

1. e4 e6 2. d4 d5 3. Nc3 c5 4. dxc5 Bxc5 5. exd5 exd5 6. Qxd5 Qe7+ 7. Qe4 Be6
8. Bb5+ Nd7 9. Nf3 Ngf6 10. Bxd7+ Qxd7 11. Qa4 O-O 12. O-O Qc7 13. Be3 Bxe3 14.
fxe3 Ng4 15. Qf4 Qb6 16. Na4 Qxe3+ 17. Qxe3 Nxe3 18. Rf2 Rac8 19. Nc3 Rfd8 20.
Re1 Ng4 21. Rfe2 Nf6 22. Ng5 Bc4 23. Re7 h6 24. Nf3 Nd7 25. Ne5 Be6 26. Nxd7
Bxd7 27. Rd1 Bc6 28. Rf1 f6 29. Rf2 Kf8 30. Re1 a5 31. h3 1/2-1/2

[Event "VII Memorial Alvise Zichichi"]
[Site "Ladispoli ITA"]
[Date "2009.09.26"]
[Round "5"]
[White "Iacoacci, Giancarlo"]
[Black "Guanciale, Orazio"]
[Result "1/2-1/2"]
[WhiteElo "1820"]
[BlackElo "2155"]
[PlyCount "135"]
[EventDate "2009.09.19"]

1. d4 g6 2. e4 Bg7 3. Nc3 d6 4. Be3 a6 5. a4 Nc6 6. Nf3 Bg4 7. Be2 Nf6 8. h3
Bxf3 9. Bxf3 e5 10. Ne2 Nxe4 11. d5 Na5 12. Bxe4 f5 13. b4 Nc4 14. Qd3 Nxe3 15.
Qxe3 fxe4 16. O-O O-O 17. Qxe4 Qg5 18. Rad1 Qf5 19. Qc4 Qd7 20. a5 b5 21. Qe4
Qf5 22. Ng3 Qg5 23. Ne2 Qf5 24. Ng3 Qd7 25. Ne2 Rac8 26. c4 c6 27. dxc6 Qxc6
28. Qxc6 Rxc6 29. cxb5 axb5 30. Rd5 Rb8 31. Rfd1 Bf8 32. Ng3 Rc4 33. Rb1 Kf7
34. f3 Ke6 35. Rd2 d5 36. Rdb2 h5 37. Kf1 h4 38. Ne2 Rbc8 39. a6 Ra8 40. Ra2
Rxb4 41. Rxb4 Bxb4 42. Rb2 Ba5 43. Rxb5 Rxa6 44. Nc1 Bb6 45. Nb3 Ba7 46. Ra5
Rxa5 47. Nxa5 Kf5 48. Nb3 Be3 49. Na5 Kf4 50. Nb3 Kg3 51. Na5 Kf4 52. Ke2 Kg3
53. Kf1 g5 54. Nc6 e4 55. fxe4 dxe4 56. Nb4 Bd4 57. Nc2 Bb6 58. Nb4 e3 59. Nd5
Bd4 60. Ne7 e2+ 61. Kxe2 Kxg2 62. Nf5 Bf6 63. Nh6 Kxh3 64. Kf3 Kh2 65. Ng4+ Kg1
66. Nxf6 h3 67. Ng4 Kh1 68. Kg3 1/2-1/2

[Event "VII Memorial Alvise Zichichi"]
[Site "Ladispoli ITA"]
[Date "2009.09.26"]
[Round "5"]
[White "Marta, Daniele"]
[Black "Caprio, Guido"]
[Result "0-1"]
[WhiteElo "2056"]
[BlackElo "2184"]
[PlyCount "88"]
[EventDate "2009.09.19"]

1. d4 d5 2. Nf3 Nf6 3. Bg5 Ne4 4. Bh4 f6 5. e3 g5 6. Bg3 h5 7. h3 Nxg3 8. fxg3
Qd6 9. Kf2 e5 10. c4 e4 11. c5 Qe6 12. Nfd2 b6 13. Nb3 Nd7 14. Be2 Qf7 15. Bb5
f5 16. Rf1 Qg6 17. Nc3 c6 18. Be2 Be7 19. Rc1 Bd8 20. Qe1 Bc7 21. Kg1 Nf6 22.
cxb6 Bxb6 23. Na4 Bd7 24. Nac5 O-O 25. Nxd7 Nxd7 26. Qd1 Qd6 27. Qe1 h4 28. Rc2
hxg3 29. Qc3 Rac8 30. Rfc1 g4 31. Qe1 gxh3 32. gxh3 Rf7 33. Bb5 Nb8 34. Bf1 f4
35. exf4 Qxf4 36. Rg2 Bc7 37. Rc3 Qf6 38. Be2 Rcf8 39. Nd2 Qxd4+ 40. Kh1 Rf2
41. Qg1 Rxg2 42. Qxd4 Rh2+ 43. Kg1 Rxe2 44. Kh1 g2+ 0-1

[Event "VII Memorial Alvise Zichichi"]
[Site "Ladispoli ITA"]
[Date "2009.09.26"]
[Round "5"]
[White "Masciolini, Giovanni"]
[Black "Quimi, Marco"]
[Result "0-1"]
[WhiteElo "1583"]
[BlackElo "2227"]
[PlyCount "56"]
[EventDate "2009.09.19"]

1. c4 e5 2. Nc3 Nc6 3. g3 Bb4 4. Bg2 Nf6 5. Nf3 O-O 6. O-O Re8 7. d3 a5 8. a3
Bxc3 9. bxc3 d5 10. cxd5 Nxd5 11. Qc2 a4 12. Be3 Nxe3 13. fxe3 Be6 14. Nd2 Bd5
15. Bxd5 Qxd5 16. e4 Qc5+ 17. Kh1 Re6 18. Nf3 h6 19. Qd2 Rd8 20. Nh4 Na5 21.
Qa2 Nb3 22. Rac1 Nxc1 23. Rxc1 g6 24. Qb2 Rb6 25. Qd2 Kg7 26. d4 exd4 27. cxd4
Rxd4 28. Qe3 Rd1+ 0-1

[Event "VII Memorial Alvise Zichichi"]
[Site "Ladispoli ITA"]
[Date "2009.09.26"]
[Round "5"]
[White "Parrini, Daniele"]
[Black "Vertechi, Pietro"]
[Result "1-0"]
[WhiteElo "2022"]
[BlackElo "1959"]
[PlyCount "57"]
[EventDate "2009.09.19"]

1. e4 e6 2. d4 d5 3. Nc3 Bb4 4. e5 c5 5. a3 Bxc3+ 6. bxc3 Ne7 7. Qg4 O-O 8. Bd3
Nbc6 9. Qh5 Ng6 10. Nf3 Qc7 11. Be3 Nce7 12. h4 Bd7 13. Rb1 f6 14. Qg4 fxe5 15.
dxe5 c4 16. Bxg6 Nxg6 17. Bd4 Rf4 18. Qg3 Raf8 19. h5 Re4+ 20. Kd1 Ne7 21. Nh4
Rff4 22. Qg5 Ba4 23. g3 Rg4 24. Qd2 Nc6 25. Bxa7 d4 26. f3 dxc3 27. Qxc3 Qd7+
28. Kc1 Nd4 29. Bxd4 1-0

[Event "VII Memorial Alvise Zichichi"]
[Site "Ladispoli ITA"]
[Date "2009.09.26"]
[Round "5"]
[White "Renzi, Marco"]
[Black "Arabito, Giuseppe"]
[Result "1-0"]
[WhiteElo "1994"]
[BlackElo "1904"]
[PlyCount "81"]
[EventDate "2009.09.19"]

1. e4 d6 2. d4 Nf6 3. Nc3 g6 4. Bg5 Bg7 5. e5 dxe5 6. dxe5 Qxd1+ 7. Rxd1 Ng4 8.
f4 c6 9. Nf3 Ne3 10. Rd2 Nxf1 11. Rxf1 O-O 12. Bxe7 Re8 13. Rd8 Rxd8 14. Bxd8
Bf5 15. Nd4 Bd7 16. Kf2 Na6 17. Be7 Nc7 18. Rd1 Ne6 19. Nde2 Be8 20. Ne4 b6 21.
g4 c5 22. Nf6+ Bxf6 23. Bxf6 Bc6 24. f5 Ng7 25. Ng3 Ne8 26. Bg5 Kg7 27. h4 f6
28. Bxf6+ Nxf6 29. exf6+ Kf7 30. fxg6+ hxg6 31. Rd6 Rc8 32. h5 gxh5 33. Nxh5
Rc7 34. Kg3 Be4 35. c3 Bb1 36. a3 Ba2 37. Nf4 Bb1 38. g5 Be4 39. Kg4 Rb7 40.
Kh5 Bf3+ 41. Kh6 1-0

[Event "VII Memorial Alvise Zichichi"]
[Site "Ladispoli ITA"]
[Date "2009.09.26"]
[Round "5"]
[White "Sarti, Emanuele"]
[Black "Palermo, Stefano"]
[Result "0-1"]
[WhiteElo "1431"]
[BlackElo "2060"]
[PlyCount "66"]
[EventDate "2009.09.19"]

1. e4 c5 2. Nf3 d6 3. Bb5+ Bd7 4. Bxd7+ Qxd7 5. O-O Nc6 6. c3 g6 7. d4 cxd4 8.
cxd4 Bg7 9. Be3 e6 10. Nc3 Nge7 11. Qd2 O-O 12. d5 exd5 13. exd5 Ne5 14. Nxe5
Bxe5 15. Bh6 Rfe8 16. Rfe1 Nf5 17. Ne4 Nxh6 18. Qxh6 Bg7 19. Qh4 Re5 20. Rad1
Rae8 21. Re3 f5 22. Ng5 Bf6 23. Rxe5 Rxe5 24. Rc1 Bxg5 25. Qxg5 Rxd5 26. h4 Re5
27. h5 Qe7 28. Rc8+ Kg7 29. h6+ Kf7 30. Qd2 Re1+ 31. Qxe1 Qxe1+ 32. Kh2 Qe5+
33. g3 d5 0-1

[Event "VII Memorial Alvise Zichichi"]
[Site "Ladispoli ITA"]
[Date "2009.09.26"]
[Round "5"]
[White "Vuelban, Virgilio"]
[Black "Giuliano, Alberto"]
[Result "1-0"]
[WhiteElo "2405"]
[BlackElo "1786"]
[PlyCount "56"]
[EventDate "2009.09.19"]

1. e4 c5 2. Nf3 d6 3. d4 cxd4 4. Nxd4 Nf6 5. Nc3 g6 6. Be3 Bg7 7. f3 Nc6 8. Qd2
O-O 9. O-O-O d5 10. exd5 Nxd5 11. Nxc6 bxc6 12. Bd4 e5 13. Bc5 Be6 14. Ne4 Qh4
15. g3 Qh5 16. g4 Qh4 17. Bf2 Qd8 18. h4 Qc7 19. Bc5 Rfd8 20. c4 Nb6 21. Bd6
Rxd6 22. Qxd6 Qc8 23. h5 f5 24. gxf5 Bxf5 25. hxg6 Bxg6 26. Nf6+ Bxf6 27. Qxf6
Qf5 28. Qxf5 Bxf5 1-0

[Event "VII Memorial Alvise Zichichi"]
[Site "Ladispoli ITA"]
[Date "2009.09.26"]
[Round "6"]
[White "Arabito, Giuseppe"]
[Black "Trebeschi, Andrea"]
[Result "0-1"]
[WhiteElo "1904"]
[BlackElo "2042"]
[PlyCount "100"]
[EventDate "2009.09.19"]

1. e4 d6 2. d4 Nf6 3. Nc3 g6 4. Nf3 Bg7 5. Be2 O-O 6. O-O c6 7. h3 b5 8. e5 Ne8
9. Bf4 Nd7 10. Ne4 Qc7 11. exd6 exd6 12. Qd2 Ndf6 13. Nxf6+ Nxf6 14. a4 Rb8 15.
axb5 cxb5 16. Bd3 Bb7 17. Rxa7 Qb6 18. Qa5 Bxf3 19. Qxb6 Rxb6 20. gxf3 Rc8 21.
Ra5 Nd5 22. Bd2 Bxd4 23. c3 Be5 24. Rxb5 Rxb5 25. Bxb5 Rb8 26. c4 Bxb2 27. Rb1
Bc3 28. Bh6 Nc7 29. Kf1 Bg7 30. Bf4 Be5 31. Bd2 d5 32. Ba5 dxc4 33. Bxc7 Bxc7
34. Ke2 Bf4 35. Kd1 c3 36. Kc2 Be5 37. Ba4 Rb2+ 38. Rxb2 cxb2 39. Bc6 Kg7 40.
Be4 f5 41. Bd3 Bd4 42. Kd2 Bxf2 43. Ke2 Bd4 44. Bc2 Kf6 45. Bd3 Ke5 46. Kf1 Kf4
47. Kg2 Ke3 48. Bb1 Be5 49. h4 h5 50. Kh3 Kd2 0-1

[Event "VII Memorial Alvise Zichichi"]
[Site "Ladispoli ITA"]
[Date "2009.09.26"]
[Round "6"]
[White "Carnicelli, Valerio"]
[Black "Cavaterra, Umberto"]
[Result "0-1"]
[WhiteElo "1751"]
[BlackElo "1801"]
[PlyCount "48"]
[EventDate "2009.09.19"]

1. e4 e5 2. Nf3 Nf6 3. Nxe5 d6 4. Nc4 Nxe4 5. Nc3 Nxc3 6. dxc3 Be7 7. Bf4 Nc6
8. Qd2 Be6 9. O-O-O Qd7 10. Bd3 O-O-O 11. Kb1 Kb8 12. Rhe1 h6 13. Ne3 g5 14.
Bg3 f5 15. f4 Rhf8 16. Nf1 Bf7 17. Bb5 Rde8 18. Bf2 Bh5 19. Rc1 gxf4 20. Bg1 a6
21. Bc4 Bg5 22. Bf2 Ne5 23. Qd4 c5 24. Qd5 Bf7 0-1

[Event "VII Memorial Alvise Zichichi"]
[Site "Ladispoli ITA"]
[Date "2009.09.26"]
[Round "6"]
[White "Fasulo, Marco"]
[Black "Gasperoni, Claudio"]
[Result "0-1"]
[WhiteElo "1616"]
[BlackElo "1770"]
[PlyCount "50"]
[EventDate "2009.09.19"]

1. e4 d6 2. d4 Nf6 3. Bd3 e5 4. d5 Be7 5. Nc3 O-O 6. h4 Nbd7 7. b4 a5 8. Ba3
axb4 9. Bxb4 Nb6 10. a4 Nbd7 11. g4 Nc5 12. g5 Nxd3+ 13. cxd3 Nd7 14. Nf3 Nc5
15. Bxc5 dxc5 16. Nxe5 Bd6 17. f4 f5 18. Ng6 hxg6 19. e5 Qe8 20. Kf1 Bxe5 21.
fxe5 Qxe5 22. Qf3 Qxc3 23. Re1 Rxa4 24. h5 Qd2 25. hxg6 Rf4 0-1

[Event "VII Memorial Alvise Zichichi"]
[Site "Ladispoli ITA"]
[Date "2009.09.26"]
[Round "6"]
[White "Giuliano, Alberto"]
[Black "Iacoacci, Giancarlo"]
[Result "1-0"]
[WhiteElo "1786"]
[BlackElo "1820"]
[PlyCount "95"]
[EventDate "2009.09.19"]

1. d4 d5 2. Nf3 Nf6 3. g3 c6 4. Bg2 e6 5. O-O Bd6 6. c4 Nbd7 7. b3 O-O 8. Nbd2
Re8 9. Bb2 b5 10. Qc2 Bb7 11. e4 dxe4 12. Ng5 a6 13. Ngxe4 Bf8 14. Rad1 Rc8 15.
f4 Qc7 16. Rc1 b4 17. h3 Be7 18. Rfe1 c5 19. dxc5 Bxc5+ 20. Nxc5 Qxc5+ 21. Kh2
Bxg2 22. Kxg2 Qc6+ 23. Kh2 Qc5 24. Nf3 Qh5 25. Qg2 h6 26. g4 Qa5 27. Bd4 Nh7
28. Qb2 f6 29. h4 Nc5 30. Rcd1 Qc7 31. Qd2 Rcd8 32. Qe3 Nd7 33. Kg2 Qc6 34. Kh3
Nhf8 35. g5 e5 36. fxe5 fxe5 37. Ba1 Qe6+ 38. Kh2 h5 39. Qe4 Nc5 40. Qxe5 Qxe5+
41. Nxe5 Rxd1 42. Rxd1 Ne4 43. Nc6 Nc3 44. Rd2 Re4 45. Bxc3 bxc3 46. Rc2 Re3
47. Nb4 Rd3 48. Nxd3 1-0

[Event "VII Memorial Alvise Zichichi"]
[Site "Ladispoli ITA"]
[Date "2009.09.26"]
[Round "6"]
[White "Guanciale, Orazio"]
[Black "Masciolini, Giovanni"]
[Result "1-0"]
[WhiteElo "2155"]
[BlackElo "1583"]
[PlyCount "69"]
[EventDate "2009.09.19"]

1. e4 e5 2. f4 exf4 3. Bc4 d5 4. exd5 Nf6 5. Nc3 Bg4 6. Nf3 Nbd7 7. O-O Bc5+ 8.
d4 Be7 9. Bxf4 O-O 10. Nb5 Nb6 11. Bxc7 Qd7 12. Bxb6 axb6 13. Ne5 Qxb5 14. Bxb5
Bxd1 15. Rfxd1 Nxd5 16. Nd7 Rfd8 17. c4 Ra5 18. a4 Ne3 19. Re1 Nc2 20. Rxe7
Nxa1 21. d5 Nb3 22. Nxb6 Ra7 23. d6 Kf8 24. Nd7+ Kg8 25. Ne5 Raa8 26. Nxf7 Rf8
27. Ng5 Nd4 28. h3 Nxb5 29. axb5 h6 30. Rxb7 hxg5 31. c5 Ra2 32. d7 Kh7 33. c6
Ra1+ 34. Kh2 Rc1 35. c7 1-0

[Event "VII Memorial Alvise Zichichi"]
[Site "Ladispoli ITA"]
[Date "2009.09.26"]
[Round "6"]
[White "Luzi, Alessandro"]
[Black "Attanasi, Salvatore"]
[Result "1/2-1/2"]
[WhiteElo "1917"]
[BlackElo "1822"]
[PlyCount "52"]
[EventDate "2009.09.19"]

1. e4 e6 2. d4 d5 3. Nc3 Nf6 4. Bg5 Bb4 5. e5 h6 6. Bd2 Bxc3 7. bxc3 Ne4 8. Bd3
Nxd2 9. Qxd2 c5 10. Nf3 c4 11. Be2 Nc6 12. O-O b5 13. a4 bxa4 14. Rxa4 Rb8 15.
Rfa1 O-O 16. h3 Qc7 17. Nh2 Bd7 18. Ng4 Kh7 19. f4 Rb7 20. Ne3 Rfb8 21. f5 Rb1+
22. Kf2 exf5 23. Nxd5 Qd8 24. Qf4 Rxa1 25. Rxa1 Be6 26. Ne3 Rb2 1/2-1/2

[Event "VII Memorial Alvise Zichichi"]
[Site "Ladispoli ITA"]
[Date "2009.09.26"]
[Round "6"]
[White "Messina, Salvatore"]
[Black "Gerlando, Onofrio"]
[Result "1-0"]
[WhiteElo "1524"]
[BlackElo "1627"]
[PlyCount "75"]
[EventDate "2009.09.19"]

1. d4 d5 2. c4 dxc4 3. e4 b5 4. Nc3 c6 5. a4 Qa5 6. Bd2 b4 7. Na2 c3 8. bxc3
bxc3 9. Bxc3 Qc7 10. Bd3 Nf6 11. Nf3 Bg4 12. h3 Bh5 13. O-O Bg6 14. Re1 e6 15.
Rc1 Be7 16. d5 O-O 17. dxc6 Nxc6 18. Bxf6 Bxf6 19. Nb4 Qf4 20. Nxc6 Bh5 21. e5
Bh4 22. Rc4 Qh6 23. Ree4 Bd8 24. Qd2 g5 25. Be2 f5 26. Red4 Bb6 27. Rd7 Qg6 28.
Ne7+ Kh8 29. Nxg6+ Bxg6 30. Nxg5 Rfd8 31. Nxe6 Re8 32. Qh6 Rg8 33. Rg7 Rae8 34.
Rxg8+ Rxg8 35. Rc8 Bd8 36. Rxd8 Be8 37. Rxe8 f4 38. Qg7# 1-0

[Event "VII Memorial Alvise Zichichi"]
[Site "Ladispoli ITA"]
[Date "2009.09.26"]
[Round "6"]
[White "Palermo, Stefano"]
[Black "Marta, Daniele"]
[Result "1-0"]
[WhiteElo "2060"]
[BlackElo "2056"]
[PlyCount "103"]
[EventDate "2009.09.19"]

1. e4 e6 2. d4 d5 3. Nc3 Bb4 4. e5 b6 5. Qg4 Bf8 6. Nf3 Qd7 7. h4 Ba6 8. Bxa6
Nxa6 9. Be3 Ne7 10. h5 h6 11. Qf4 Nf5 12. g4 Nxe3 13. fxe3 Bb4 14. O-O Bxc3 15.
bxc3 O-O-O 16. Nh4 Qe7 17. Qg3 Rd7 18. a4 c6 19. Rf4 Rhd8 20. Qf2 Qg5 21. Rf1
Nc7 22. Qg3 Qe7 23. Rxf7 Qa3 24. Ng6 Rxf7 25. Rxf7 Qc1+ 26. Kh2 Qxc2+ 27. Kh3
Rd7 28. Ne7+ Kb7 29. Rxg7 Qe4 30. Qf2 b5 31. axb5 Nxb5 32. Kh2 Nxc3 33. Nf5
Rxg7 34. Nd6+ Kb6 35. Nxe4 Nxe4 36. Qf8 Rxg4 37. Qxh6 a5 38. Qh8 a4 39. h6 a3
40. h7 Rh4+ 41. Kg2 Rxh7 42. Qxh7 Nc3 43. Qd3 Nb5 44. Qb3 c5 45. dxc5+ Kxc5 46.
Kg3 d4 47. Qxe6 Kb4 48. exd4 Nxd4 49. Qa2 Nc6 50. e6 Nd4 51. Qd2+ Kc5 52. Qxd4+
1-0

[Event "VII Memorial Alvise Zichichi"]
[Site "Ladispoli ITA"]
[Date "2009.09.26"]
[Round "6"]
[White "Parrini, Daniele"]
[Black "Vuelban, Virgilio"]
[Result "1-0"]
[WhiteElo "2022"]
[BlackElo "2405"]
[PlyCount "78"]
[EventDate "2009.09.19"]

1. e4 c5 2. Nf3 Nc6 3. d4 cxd4 4. Nxd4 Nf6 5. Nc3 d6 6. g3 e5 7. Nde2 Be7 8.
Bg2 O-O 9. O-O Be6 10. h3 Qd7 11. g4 h6 12. Nd5 Bd8 13. Ng3 Bxd5 14. exd5 Ne7
15. f4 exf4 16. Bxf4 Qb5 17. Kh1 Nexd5 18. Bxd6 Ne3 19. Qd3 Qb6 20. Bxf8 Nxf1
21. Rxf1 Kxf8 22. Qb3 Qxb3 23. axb3 Rb8 24. Nf5 Bc7 25. Nxh6 gxh6 26. Rxf6 Be5
27. Rxh6 Bxb2 28. Bd5 b5 29. c4 a5 30. Ra6 bxc4 31. Bxc4 Bc3 32. Ra7 f6 33. Kg2
Rc8 34. h4 Rc5 35. h5 Bd2 36. Rf7+ Ke8 37. Rxf6 a4 38. Ra6 Ba5 39. h6 axb3 1-0

[Event "VII Memorial Alvise Zichichi"]
[Site "Ladispoli ITA"]
[Date "2009.09.26"]
[Round "6"]
[White "Placchetta, Omero"]
[Black "Antonetti, Mattia"]
[Result "0-1"]
[WhiteElo "1719"]
[BlackElo "1592"]
[PlyCount "134"]
[EventDate "2009.09.19"]

1. e4 Nf6 2. e5 Nd5 3. d4 d6 4. Bc4 e6 5. Bxd5 exd5 6. Nc3 dxe5 7. dxe5 c6 8.
Nf3 Be7 9. O-O Bg4 10. h3 Bh5 11. Re1 O-O 12. g4 Bg6 13. Qe2 Bb4 14. Bd2 Bxc2
15. Bg5 f6 16. exf6 Rxf6 17. Bxf6 Qxf6 18. Qe8+ Qf8 19. Qxf8+ Kxf8 20. Nd4 Bg6
21. Ne6+ Kf7 22. Nc7 Na6 23. Nxa8 d4 24. a3 Ba5 25. b4 Bd8 26. Ne4 b6 27. Rad1
c5 28. bxc5 bxc5 29. Nd6+ Kf8 30. h4 Bxh4 31. Nf5 Bf6 32. Re6 Nb8 33. Rb1 Nd7
34. Rb7 Ne5 35. Rb8+ Kf7 36. Ree8 Nf3+ 37. Kg2 Nh4+ 38. Nxh4 Bxh4 39. Rf8+ Ke7
40. Rfc8 Kd6 41. Nc7 Bd3 42. Ne8+ Kd5 43. Nxg7 Bg5 44. Nh5 Bc1 45. Kg3 Kc4 46.
Nf4 Bc2 47. Ne6 Bxa3 48. Nxd4 Kxd4 49. Rd8+ Kc3 50. Ra8 c4 51. Rxa7 Bb2 52. Re7
Bd3 53. Re3 Kc2 54. f4 Bc1 55. Re6 Ba3 56. Ra8 Bb2 57. Kf3 c3 58. Re1 Kd2 59.
Rh1 Be2+ 60. Kf2 Bxg4 61. Rd8+ Kc2 62. Rh2 Kb1 63. Rh1+ Ka2 64. Ra8+ Ba3 65.
Ke3 Bf5 66. Rh2+ c2 67. Kd2 c1=Q+ 0-1

[Event "VII Memorial Alvise Zichichi"]
[Site "Ladispoli ITA"]
[Date "2009.09.26"]
[Round "6"]
[White "Quimi, Marco"]
[Black "Elia, Alessio"]
[Result "0-1"]
[WhiteElo "2227"]
[BlackElo "1850"]
[PlyCount "148"]
[EventDate "2009.09.19"]

1. e4 d6 2. d4 Nf6 3. Nc3 g6 4. Be3 Bg7 5. Qd2 c6 6. a4 Qa5 7. Nf3 b5 8. Bd3 b4
9. Ne2 Ba6 10. O-O c5 11. h3 c4 12. e5 cxd3 13. exf6 dxe2 14. fxg7 exf1=Q+ 15.
Rxf1 Rg8 16. Re1 Rxg7 17. Bh6 Rg8 18. Bg5 e6 19. Qf4 Qd5 20. Nd2 f5 21. Qh4 Bb7
22. f3 h5 23. c4 bxc3 24. bxc3 Nc6 25. Be3 Kf7 26. Rb1 Ba6 27. c4 Qa5 28. c5
Rab8 29. Rc1 Qd8 30. Qg3 g5 31. cxd6 f4 32. Bxf4 gxf4 33. Qxf4+ Qf6 34. Qxf6+
Kxf6 35. Rxc6 Bd3 36. Rc3 Bf5 37. g4 hxg4 38. hxg4 Rbd8 39. Nc4 Bxg4 40. fxg4
Rxg4+ 41. Kf2 Rxd4 42. Rf3+ Kg7 43. Rc3 Kf6 44. Ke3 Rh4 45. Rc1 e5 46. Nd2 Ke6
47. Nf3 Rxa4 48. Ng5+ Kd5 49. Nf7 Re4+ 50. Kd3 Rd4+ 51. Ke3 Rd7 52. Nh6 Ke6 53.
Rg1 R7xd6 54. Rg6+ Kd7 55. Rg7+ Kc6 56. Nf5 Rd3+ 57. Ke4 Rd7 58. Rg6+ Kb5 59.
Re6 a5 60. Rxe5+ Kb4 61. Re8 Rd8 62. Re6 a4 63. Rb6+ Ka3 64. Ne3 R3d4+ 65. Ke5
Ka2 66. Nc2 Rc4 67. Nb4+ Ka3 68. Nc6 Rd3 69. Ra6 Rxc6 70. Rxc6 Kb2 71. Ke4 Rb3
72. Ra6 a3 73. Kd4 a2 74. Kc4 Rb8 0-1

[Event "VII Memorial Alvise Zichichi"]
[Site "Ladispoli ITA"]
[Date "2009.09.26"]
[Round "6"]
[White "Rampini, Carlo"]
[Black "Golino, Giovanni"]
[Result "0-1"]
[WhiteElo "1820"]
[BlackElo "1898"]
[PlyCount "128"]
[EventDate "2009.09.19"]

1. Nf3 Nf6 2. d3 d5 3. g3 g6 4. Bg2 Bg7 5. O-O O-O 6. Re1 c5 7. Nbd2 Nc6 8. c3
Bd7 9. e4 dxe4 10. dxe4 e5 11. Nc4 Qc7 12. a4 Rad8 13. Qe2 Bg4 14. h3 Bxf3 15.
Bxf3 Qd7 16. Bg2 Qe6 17. a5 Rd7 18. Be3 Qe7 19. h4 Re8 20. Bh3 Rdd8 21. f3 Nd7
22. Red1 Bf8 23. Nd6 Nf6 24. Nxe8 Nxe8 25. Rxd8 Qxd8 26. Rd1 Qxa5 27. Bd7 Nf6
28. Bxc6 bxc6 29. c4 Qc7 30. Qd2 Be7 31. Ra1 Qb7 32. Kg2 Ne8 33. Qc3 f6 34. Qa3
Nc7 35. Ra2 a6 36. Bxc5 Bxc5 37. Qxc5 Qb3 38. Ra5 Qxb2+ 39. Qf2 Qb4 40. Rc5 Qb7
41. Qa2 Kg7 42. Ra5 Qb4 43. g4 Qe1 44. Rc5 Ne6 45. Ra5 Nf4+ 46. Kh2 Qxh4+ 47.
Kg1 Qg3+ 48. Kf1 Qxf3+ 49. Ke1 Qxe4+ 50. Kd2 Qd3+ 51. Ke1 Qc3+ 52. Kf2 e4 53.
Ra3 Qd4+ 54. Kg3 Qd6 55. Kf2 Nd3+ 56. Kg2 Qf4 57. Qe2 Qd6 58. Qa2 Qd7 59. Kg3
Ne5 60. Qe2 Qd6 61. Rc3 Nf3+ 62. Kf2 Qf4 63. Kf1 Qg3 64. Qg2 Qe1# 0-1